Public International Law in a nutshell
Bewaard in:
| Hoofdauteur: | |
|---|---|
| Andere auteurs: | |
| Formaat: | Boek |
| Taal: | Engels |
| Gepubliceerd in: |
Saint Paul, Minnesota, USA
West Academic Publishing
2013
|
| Editie: | Quinta edición |
| Onderwerpen: | |
| Tags: |
Voeg label toe
Geen labels, Wees de eerste die dit record labelt!
|
MARC
| LEADER | 00000cam a2200000 a 4500 | ||
|---|---|---|---|
| 001 | UCE2956 | ||
| 003 | CL-VaPUC | ||
| 005 | 20200907132747.0 | ||
| 008 | 140807e20130000us |||||||||||||||||eng|d | ||
| 999 | |c 356470 |d 356468 | ||
| 020 | |a 9780314279965 | ||
| 040 | |c Pontificia Universidad Católica de Valparaíso | ||
| 082 | 0 | 4 | |a 341 BUE 2013 |2 21 |
| 100 | 0 | |a Buergenthal, Thomas |9 575484 | |
| 245 | 1 | 0 | |a Public International Law in a nutshell |
| 250 | |a Quinta edición | ||
| 260 | 0 | 3 | |a Saint Paul, Minnesota, USA |b West Academic Publishing |c 2013 |
| 300 | |a 473 páginas | ||
| 583 | |a last modification |c 20140807 14:45:00 |k Rodrigo Vera | ||
| 650 | 7 | |a DERECHO INTERNACIONAL PUBLICO |2 CL-VaPUC |9 575486 | |
| 700 | 0 | |a Murphy, Sean D |9 575485 | |
| 942 | |c BK |2 ddc | ||
| 945 | |d 20140807 14:45:00 |a dcastane | ||
| 952 | |0 0 |1 0 |2 ddc |3 erb |4 0 |6 341_000000000000000_BUE_2013 |7 0 |8 A |9 463822 |a BIBDER |b BIBDER |i 5093449 |l 2 |o 341 BUE 2013 |p 5093449 |r 2025-03-17 |s 2025-03-10 |t 1 |w 2019-11-23 |y BK |z Catalogado en:20140807 |k DER | ||